[Event "EU-ch 4th"]
[Site "Istanbul"]
[Date "2003.06.06"]
[Round "7"]
[White "Korobov, Anton"]
[Black "Avrukh, Boris"]
[Result "1-0"]
[WhiteElo "2513"]
[BlackElo "2586"]
[Annotator "Krasenkow,M"]
[PlyCount "77"]
[EventDate "2003.05.30"]
[EventType "swiss"]
[EventRounds "13"]
[EventCountry "TUR"]
[SourceTitle "CBM 096"]
[Source "ChessBase"]
[SourceDate "2003.09.25"]
[SourceVersion "1"]
[SourceVersionDate "2003.09.25"]
[SourceQuality "1"]

1. d4 Nf6 2. c4 g6 3. Nc3 d5 4. cxd5 Nxd5 5. e4 Nxc3 6. bxc3 Bg7 7. Bc4 c5 8.
Ne2 Nc6 9. Be3 cxd4 10. cxd4 Qa5+ {After the game Kramnik-Svidler (see CBM 66)
this system has been going through a deep crisis.} 11. Bd2 Qd8 12. Bc3 {
An old move. Kramnik played} (12. d5 {, which is the main line nowadays.})
12... O-O (12... Bg4 13. f3 Bd7 14. Qd2 O-O 15. h4 Qc7 16. Rc1 Rfd8 17. Bb3 Qb6
18. h5 Rac8 19. hxg6 hxg6 20. Rb1 Kf8 21. Qf4 Be8 22. d5 Nd4 23. Bxd4 Bxd4 24.
e5 Bf2+ 25. Kf1 Qe3 26. Rh8+ Kg7 27. Qh2 Rc1+ 28. Rxc1 {1-0 Lukacs,P-Van Mil,J/
Lillafured 1989/TD (28).}) 13. O-O {Too soft.} (13. Qd2 $5 {[%cal Yh2h4,Yh4h5]}
) (13. Rc1 Bd7 14. O-O Rc8 15. Qb3 Qb6 16. Qxb6 axb6 17. Rfd1 Rfd8 18. Rb1 Be8
19. d5 Na5 20. Bxg7 Nxc4 21. Bd4 b5 22. f3 e5 23. dxe6 fxe6 24. Bc3 Rxd1+ 25.
Rxd1 Ra8 26. Nc1 Kf7 27. Kf2 e5 28. h4 Ke6 29. Rd3 Bc6 {1/2-1/2 Piket,J-Polgar,
J/Wijk aan Zee 1998/CBM 63 (29).}) 13... Bd7 (13... Bg4 $5 14. f3 Bd7 15. Rb1
Qc7 16. Qd2 a6 17. Bb3 b5 18. Kh1 Qb6 19. f4 Rac8 20. f5 b4 21. Ba1 Na5 22. Nf4
Nxb3 23. Rxb3 a5 $13 {0-1 Beliavsky,A-Svidler,P/Madrid 1998/CBM 65/[Ubilava] 
(43)}) (13... a6 14. Rc1 Bg4 15. f3 Bd7 16. d5 Ne5 17. Bb3 $6 (17. f4) 17...
Bb5 18. Kh1 a5 19. a4 Ba6 20. Qd2 Nd3 $36 {0-1 Liardet,F-Gurieli,N/Biel 1998/
EXT 99 (56)}) 14. Qd2 {A useful move to prevent ...Na5.} (14. Rb1 Qc7 15. Qb3
Rab8 16. Bb5 a6 17. Bxc6 Qxc6 18. d5 Qd6 19. Bxg7 Kxg7 20. Qb2+ f6 21. Rfc1 b5
22. g3 Rbc8 {1/2-1/2 Verdier,P-Krueger,H/IECG 1998/Telechess CBM 93 (22)})
14... Rc8 15. Rac1 (15. Bb3 b5 16. Rac1 Qb6 17. Bb2 a5 18. d5 Bxb2 19. Qxb2 Nb4
20. Qd2 e5 21. d6 Rcd8 22. h3 Be6 23. Bxe6 fxe6 24. d7 {1/2-1/2 Sakaev,
K-Avrukh,B/Beersheba 1998/EXT 99 (24).}) {The text move is more accurate as
Black must now waste a tempo playing ...a6.} 15... a6 16. Rfd1 b5 17. Bb3 Qb6
18. Qg5 (18. d5 $5) 18... Bf6 (18... b4 $5 19. Bb2 e6) 19. Qf4 b4 20. Bb2 Na5
21. Rxc8 Bxc8 (21... Rxc8 22. e5 Nxb3 23. exf6 $16) 22. e5 Bg7 23. d5 {[%csl
Gd5,Ge5] White has created a strong pawn centre but Black has chances to
attack it.} Nxb3 24. axb3 Qb5 25. Qd2 Bb7 26. Nf4 e6 (26... Bh6 $5 27. d6 (27.
e6 $5 {[%cal Rd2d4]} f6 $1 28. d6 exd6 29. Qxd6 Bxf4 30. Qxf4 Qe2 $132) 27...
Rd8 $13) 27. d6 Bh6 $2 {A wrong decision! Black should not leave the white
pawns untouched!} (27... Bxe5 $8 28. Bxe5 Qxe5 29. Qxb4 (29. d7 $2 Rd8 30. Qxb4
Rxd7) 29... Qb5 30. Qxb5 axb5 31. Nd3 Rd8 32. Nc5 Bd5 33. d7 Kf8 $11) 28. Qd4
$16 {[%csl Gd6,Ge5]} Bxf4 29. Qxf4 Qe2 30. Qd4 Bd5 31. h3 Rc8 $6 (31... Bxb3
$142 32. Rc1 $16) 32. Rd2 Qe1+ 33. Kh2 a5 34. Qf4 $1 {Threatening 35.Rxd5!
exd5 36.Qf6.} Qe4 (34... Bc6 35. d7 Rd8 36. Rd6 $18) 35. Qxe4 Bxe4 36. d7 Rd8
37. Rd6 {[%cal Rb2d4,Rd4b6]} a4 (37... Kf8 38. Bd4 Ke7 39. Bc5 $18) 38. bxa4
Bc2 39. Rc6 1-0

[Event "ARM-ch"]
[Site "Yerevan"]
[Date "2000.09.02"]
[Round "4"]
[White "Lputian, Smbat G"]
[Black "Aronian, Levon"]
[Result "1/2-1/2"]
[WhiteElo "2598"]
[BlackElo "2551"]
[Annotator "Krasenkow,M"]
[PlyCount "88"]
[EventDate "2000.08.30"]
[EventType "tourn"]
[EventRounds "9"]
[EventCountry "ARM"]
[EventCategory "11"]
[SourceTitle "CBM 079"]
[Source "ChessBase"]
[SourceDate "2000.11.21"]
[SourceVersion "1"]
[SourceVersionDate "2000.11.21"]
[SourceQuality "1"]

1. d4 Nf6 2. c4 g6 3. Nc3 d5 4. cxd5 Nxd5 5. e4 Nxc3 6. bxc3 Bg7 7. Bc4 O-O 8.
Ne2 Nc6 9. O-O e5 {This plan is the most important alternative to ...c7-c5. If
White now pushes d4-d5 then Black can attack the pawn with ...c7-c6 and
sometimes make use of the c5 square.} 10. Ba3 (10. Be3 {and}) (10. d5 {are the
alternatives for White.}) 10... Re8 11. d5 $6 {This doesn't work very well
after 10.Ba3, as the present game shows. The most principled reply for White
is the temporary piece sacrifice, after which it is not easy for Black to
reach full equality:} (11. Bxf7+ Kxf7 12. Qb3+ {and now:} Kf6 $5 {The attempt
to keep the piece looks quite risky for Black but is not directly refuted and
needs further investigation. In the stem game Black did quite well:} (12... Be6
13. d5 Na5 14. dxe6+ Rxe6 15. Qa4 c6 16. Rad1 Qc7 (16... Qb6 $6 17. Rd7+ Kg8
18. Ng3 Rae8 19. Nf5 $1 Bf8 20. Bb4 Qb5 21. Qd1 c5 22. Bxa5 gxf5 23. exf5 $18 {
1-0 Kraai,J-Hasangatin,R/Komercni Banka op 1997 (30)}) 17. c4 $1 {The best
move preventing ...b5 and ...Nc4.} (17. f4 $6 b5 18. Qc2 Nc4 19. f5 Rf6 20. Bc5
Bf8 21. Bf2 Kg8 22. Nc1 Bh6 23. Nb3 Kh8 24. Kh1 Be3 25. Nc5 Qg7 {Ftacnik,
L-Vaganian,R/Moskva 1985/0-1 (36)}) (17. Rd3 $5 {[%cal Yf1d1]} Kg8 $1 18. c4 $1
(18. Rfd1 b5 19. Qc2 Qb6 $1 {[%csl Rf2][%cal Ya5c4,Ye6f6,Ya8f8] Tukmakov,V} (
19... Bf8 $143 20. Bxf8 Rxf8 21. f3 Nc4 22. Qc1 Rd6 23. Rxd6 Nxd6 24. Qg5 Nf7
25. Qf6 Rd8 26. Rxd8+ Nxd8 $14 {1/2-1/2 Haik,A-Ristic,N/Rilton Cup 1987 (38)}))
18... Bf8 19. Rfd1 Rf6 $1 {[%cal Yc7b6]} 20. f3 $1 Bxa3 21. Rxa3 b6 22. Qb4 Rd8
23. Rad3 Rff8 24. Nc1 c5 25. Qb5 Nc6 26. Rxd8 Rxd8 27. Rxd8+ Nxd8 28. Qe8+ Kg7
29. Nd3 Nf7 $11 {1/2-1/2 Volke,K-Tukmakov,V/Groningen op 1990 (45)}) 17... Kg8
(17... Bf8 18. Bb2 Bc5 19. Bc3 b6 20. Nc1 $5 {Tukmakov,V} Nb7 21. Nd3 $14) (
17... Rd8 $5 {Tukmakov,V}) (17... b6 18. Rd3 Rd8 19. Rfd1 Rxd3 20. Rxd3 {
[%cal Ya4d1]} a6 21. Nc3 Bf6 22. Bb4 Nxc4 (22... Be7 $5) 23. Qxa6 b5 24. g3 Be7
25. Bxe7 Kxe7 26. a4 Nb2 27. Rd2 Nxa4 28. Nxa4 bxa4 29. Qxa4 $14 {1-0 Illescas
Cordoba,M-Sion Castro,M/ESP-chT 1995 (34)}) 18. Nc1 $1 Bf8 19. Bxf8 Rxf8 20.
Nb3 Nxb3 21. axb3 b6 22. Rd2 Qe7 23. b4 Rf7 (23... Rd6 $1 24. Rfd1 Rfd8 25. Qa2
Rxd2 26. Rxd2 Rxd2 27. Qxd2 c5 28. b5 g5 $14 {Tukmakov,V}) 24. Rfd1 Ref6 25.
Qb3 Rf4 26. Re2 g5 27. Qc3 $14 {1/2-1/2 Campos Moreno,J-Tukmakov,V/Osuna 1991 
(36)}) 13. f4 Bh6 14. fxe5+ (14. d5 $5 Na5 15. fxe5+ Kg7 16. Qa4 Bg4 $1 $13 {
Vaganian,R}) 14... Kg7 15. Rf6 $6 (15. e6 $5 {Tukmakov,V}) (15. h3 $5 {Ftacnik,
L}) 15... Bg4 $1 16. Rf7+ Kh8 17. Qxb7 Nxe5 $1 18. Rxc7 $1 Nd7 19. Bd6 Rc8 20.
Ng3 Rxc7 21. Bxc7 Qg5 22. h3 Qe3+ 23. Kh2 Qxc3 24. Rf1 Be6 {0-1 Topalov,
V-Tukmakov,V/Palma de Mallorca 1992 (33)}) 11... Na5 12. Bd3 Bf8 $5 {A healthy
idea: to swap the dark-squared bishops and then make use of the dark squares.
The alternatives are:} (12... c6 $6 13. c4 b5 {(sometimes this break works but
not in this position)} 14. cxb5 cxd5 15. Qa4 $1 a6 16. b6 $1 Nc4 17. Bxc4 Bd7
18. Qa5 dxc4 19. Rfd1 Qc8 20. Nc3 Bc6 21. Nd5 $16 {1-0 Murrey,J-Sokolowski,S/
Paris-ch 1990 (35)}) (12... b6 $5 {[%csl Yc5,Yd6][%cal Ya5b7] This has brought
Black good results so far.} 13. c4 (13. Bb4 Nb7 14. Bb5 Bd7 15. c4 Bf8 16. Bxf8
Rxf8 17. f4 Bxb5 18. cxb5 Nc5 19. Nc3 exf4 20. e5 Qg5 {Razuvaev,Y-Smejkal,J/
BL9091 1991/0-1 (43)}) 13... Nb7 {[%cal Yg7f8]} 14. c5 $5 Nxc5 15. Bxc5 bxc5
16. Bb5 Bd7 17. Qa4 Bxb5 18. Qxb5 Bf8 19. Rab1 Rb8 20. Qa6 Rb4 $1 {Bock,
J-Hasangatin,R/Budapest FS03 IM-A 1997/0-1 (83)}) 13. Bb4 {This logical
attempt to fight for the dark squares brings Black a pair of bishops.} c5 $1
14. Bxa5 (14. Ba3 $4 c4) 14... Qxa5 15. a4 Bd6 16. Qc2 Rf8 17. Kh1 f5 $6 {
This is certainly premature. With his development advantage, White can
blockade the black pawns. However, if Black quietly develops his pieces (Bd7,
Rae8), White will be able to swap his "bad" bishop with Bb5 (...a6, weakening
the b6 square and the b7 pawn, looks dubious). For instance,} (17... Qc7 18.
Bc4 Bd7 19. Bb5 $5 $13) 18. exf5 gxf5 19. f4 $1 e4 20. Bc4 {If White's knight
now stood on e3, his position would be excellent. Black must urgently create
counterplay along the g- and h-files to prevent such a transfer.} Rf6 21. Ng3
Rh6 22. Rf2 {[%cal Yg3f1,Yf1e3]} a6 {[%cal Rb7b5]} 23. Ra2 Bd7 24. Nf1 Kh8 25.
g3 {To comfortably play Ne3, White must first secure the f4 pawn. If} (25. Ne3
{then after} Rg8 {[%csl Rf4][%cal Yh6h4,Ya5c7,Rh4f4,Rd6f4] it is very
difficult for him to protect it.}) 25... Rg8 26. Rg2 Rh3 27. Qb3 {This attempt
to penetrate to b6 doesn't quite succeed.} (27. Ne3 $5 {as} Bxf4 $2 28. gxf4
Rxe3 29. Rxg8+ Kxg8 30. Ra1 {[%cal Ya1g1,Yc2g2,Rg1g8,Yd5d6] lead to a strong
attack for White.}) 27... Bc8 28. Rab2 Rg6 29. Qb6 Qxc3 30. Qd8+ Rg8 31. Qxd6
Qxc4 {Of course, White has a good compensation for the pawn (a strong knight,
the d-pawn, Black's weak c5 pawn etc.) but he fails to prove that it gives him
more than a draw. The black queen is quite active and guarantees sufficient
counterplay. White can't easily win the c5 pawn.} 32. Rgf2 Re8 33. Ne3 Qd4 34.
Kg2 Rh5 35. Rfe2 Rg8 36. Rbc2 Qg7 {[%cal Rh5h2,Yc8d7]} 37. Kf1 Bd7 38. Rxc5
Bxa4 39. Rc7 Rh6 $1 40. Rxg7 Rxd6 41. Rxg8+ Kxg8 42. Nxf5 Rf6 43. Nd4 (43. Ne7+
$6 Kf7 44. Rxe4 Bd7 {[%csl Re7]}) 43... Rd6 44. Nf5 Rf6 1/2-1/2

[Event "EU-Cup 19th"]
[Site "Rethymno"]
[Date "2003.10.01"]
[Round "4.1"]
[White "Parker, Jonathan"]
[Black "McShane, Luke J"]
[Result "1/2-1/2"]
[WhiteElo "2541"]
[BlackElo "2619"]
[Annotator "Krasenkow,M"]
[PlyCount "83"]
[EventDate "2003.09.28"]
[EventType "team-swiss"]
[EventRounds "7"]
[EventCountry "GRE"]
[SourceTitle "CBM 098"]
[Source "ChessBase"]
[SourceDate "2004.02.03"]
[SourceVersion "1"]
[SourceVersionDate "2004.02.03"]
[SourceQuality "1"]
[WhiteTeam "Barbican"]
[BlackTeam "Werder Bremen"]
[WhiteTeamCountry "ENG"]
[BlackTeamCountry "GER"]

1. d4 Nf6 2. c4 g6 3. Nc3 d5 4. cxd5 Nxd5 5. e4 Nxc3 6. bxc3 Bg7 7. Bc4 c5 8.
Ne2 Nc6 9. Be3 cxd4 10. cxd4 Qa5+ 11. Bd2 Qd8 12. d5 Ne5 13. Bc3 O-O 14. Bb3
Qb6 15. f4 Nd7 16. Bxg7 Kxg7 17. Rc1 Rd8 (17... Nf6 {-see Atalik-Berndt in
CBM92.}) 18. Rc4 {[%cal Yd1a1,Ya1c3] This plan was found by GM P_H.Nielsen in
his game against the same opponent.} e5 19. Qa1 Re8 $1 $146 {[%mdl 8] An
improvement on the above-mentioned game, in which Luke quickly lost after} (
19... f6 20. Qc3 exf4 21. Nxf4 Ne5 22. Rc7+ Kh8 23. Rf1 Bd7 24. Ne6 $1 Rdc8 25.
Rxf6 $1 Rxc7 26. Rf8+ Rxf8 27. Qxe5+ {1-0 Nielsen,P-McShane,L/Copenhagen 2003/
CBM 95 ext (27).}) 20. Qc3 (20. Ba4 Kg8 21. Bxd7 $6 (21. Rxc8 $6 Rexc8 22. Bxd7
Rc2) (21. Qc3 $5 {-20.Qc3}) 21... Bxd7 22. fxe5 Rac8 {gives Black a strong
attack against White's uncastled king.}) 20... Kg8 21. f5 {The 7th rank is not
naked and after} (21. Rf1 $6 exf4 22. Nxf4 Ne5 {Black obtains an excellent
position.}) (21. Ba4 $5 exf4 22. Rb4 Qd6 23. O-O $13) (21. Rb4 Qd6 22. O-O exf4
23. Nxf4 Ne5 $15) 21... gxf5 22. exf5 Nf6 {[%csl Gf6] With this strong knight
Black has no problems whatsoever. It is White who should fight for equality.}
23. Rb4 Qa6 24. Ra4 Qd6 25. O-O Bd7 26. Rh4 Bb5 27. Qe3 Kh8 (27... Bxe2 $5 28.
Qxe2 Rac8) 28. Re1 Bxe2 29. Rxe2 Rac8 30. h3 $6 (30. Re1 $142 {[%cal Re3a7,
Yh4h6]}) 30... a6 $2 {An important loss of a tempo, after which the advantage
passes to White.} (30... e4 $142 $15 31. Qxa7 $140 $4 Rc1+ 32. Kf2 Rg8 {
[%cal Rd6g3]} 33. Qe3 Qh2 $19) 31. Rh6 $1 {[%cal Re3g5]} Rg8 (31... Rcd8 32. g4
$16) 32. Qxe5 Qxe5 33. Rxe5 Rc1+ 34. Kf2 Kg7 35. Rh4 Rd8 $6 (35... Re8 $142 36.
Rxe8 Nxe8 $14 {[%csl Gd6][%cal Ye8d6]}) 36. Rd4 (36. Re7 Nxd5 (36... Rd7 37.
Rxd7 Nxd7 38. d6) 37. Rxb7 {gave White real winning chances.}) 36... Kf8 (36...
Rd6 37. g4) 37. Re3 {Losing time.} (37. g4 h6 38. h4 $16 Ne8 39. g5 hxg5 40.
hxg5 Nd6 41. f6) (37. d6 Ne8 38. Re7 Nxd6 39. f6 $16) 37... b5 38. g4 h6 39.
Re1 $2 {After this exchange White has no chances to win as Black activates his
king.} (39. h4 {was necessary.}) 39... Rxe1 40. Kxe1 Ke7 {[%csl Rb3][%cal
Re7d6]} 41. d6+ Rxd6 42. Rxd6 (42. Rxd6 Kxd6 43. Bxf7 Ke5 $11) 1/2-1/2

[Event "Corus"]
[Site "Wijk aan Zee"]
[Date "2008.01.22"]
[Round "9"]
[White "Ivanchuk, Vassily"]
[Black "Mamedyarov, Shakhriyar"]
[Result "1/2-1/2"]
[WhiteElo "2750"]
[BlackElo "2760"]
[Annotator "Krasenkow,M"]
[PlyCount "82"]
[EventDate "2008.01.12"]
[EventType "tourn"]
[EventRounds "13"]
[EventCountry "NED"]
[EventCategory "20"]
[SourceTitle "CBM 122"]
[Source "ChessBase"]
[SourceDate "2008.01.30"]
[SourceVersion "1"]
[SourceVersionDate "2008.01.30"]
[SourceQuality "1"]

1. c4 Nf6 2. Nc3 d5 3. cxd5 Nxd5 4. d4 g6 5. e4 Nxc3 6. bxc3 Bg7 7. Bc4 c5 8.
Ne2 Nc6 9. Be3 cxd4 10. cxd4 Qa5+ 11. Bd2 Qd8 12. Be3 Qa5+ 13. Bd2 Qd8 14. Bc3
O-O 15. Qd2 Bd7 (15... Bg4 $1 {is definitely more accurate - see theoretical
section.}) 16. O-O Rc8 {This position was examined in CBM 96 (annotations to
Korobov-Avrukh) and CBM 99 (Sakaev - McShane).} 17. Rfc1 $146 {[%mdl 8] A
possible move but still no response has been found to Sakaev's} (17. Rac1 a6
18. Bb3 $1 e6 19. d5 exd5 20. Bxg7 Kxg7 21. Bxd5 f6 22. Nf4 Qe7 23. h3 Rfd8 24.
Qe3 Kh8 25. Qb6 $14 {1-0 Sakaev,K-McShane,L/Germany 2003/CBM 099/[Krasenkow] 
(37)}) 17... a6 18. a4 (18. Bb3 $5 {is interesting here, too}) 18... Na7 {
Black has no tactical tricks with ...b7-b5 (using the a7-g1 diagonal), which
work when the white pawn is on f3, and looks for other ways to obtain
counterplay. However, the knight is poorly placed on a7.} 19. Bd3 b5 20. Ba5 {
As Black was not threatening anything, White had no need to hurry and slow
improvement of the position was also appropriate:} (20. Ra2 {[%cal Cb5a4,Ya2c2]
}) 20... Qe8 21. Rxc8 (21. Bb6 $5 Rxc1+ 22. Rxc1 Nc8 (22... Qb8 23. Bc5 $16)
23. Bc5 bxa4 24. e5 $16) 21... Nxc8 (21... Bxc8 $5 22. Bb6 Qd7) 22. e5 $16 {
[%csl Rc8,Re8,Rf8,Rg7] White's advantage is obvious. Black is lacking space
and the position of his pieces is very bad. However, White should play very
accurately not to let the black pieces out.} bxa4 23. Nc3 Na7 24. Bb4 {The e7
pawn is an object of attack in many Gruenfeld lines.} (24. Bxa6 $143 Nc6 25.
Nxa4 (25. Bb6 Qb8 26. Bc5 Na5) 25... Nxe5 $1 26. Nc5 Ng4 $14) 24... Nb5 (24...
Nc6 $142 25. Bc5 Na5 26. Bc2 Nb3 27. Bxb3 axb3 28. Nd5 $16) 25. Nd5 Nxd4 26.
Bxe7 $1 {This leads to complications, favorable for White, but mutual
time-trouble mistakes distort the picture.} (26. Nxe7+ Kh8 27. Qe3 {was less
energetic.}) 26... Nb3 (26... Bc6 27. Nf6+ Bxf6 28. exf6 $18 {[%cal Yd2h6,
Yd3c4]}) 27. Qf4 $1 Kh8 (27... Nxa1 $2 28. Nf6+ Bxf6 29. Bxf6 $18 {[%cal Rf4h6]
}) (27... Bb5 $2 28. Nf6+ Bxf6 29. Bxf6 Nc5 30. Qh6 Ne6 31. Ra3 $1 $18) 28. Re1
(28. Bxf8 Qxf8 {didn't quite satisfy White...}) 28... Rg8 29. Bd6 $6 {But now}
(29. Qh4 $1 Qc8 (29... h5 30. Nf4 $18 {[%cal Rf4h5]}) (29... h6 30. Bf6 Kh7 31.
Bxg7 Kxg7 32. Qf6+ Kh7 33. Qd6 $18) 30. Nf6 {would already win a rook for a
knight (not a bishop!) and gradually the game.}) 29... Qe6 30. Ne7 $2 {[%csl
Re7] A very unfortunate placement of the knight, which lets White's advantage
slip.} (30. Nc7 {was very strong:} Qg4 31. Qxf7 Bc6 32. Nd5 $18) 30... Rf8 31.
h3 ({If} 31. Bxa6 {then} Qg4 $1) 31... Bb5 32. Be4 Bc4 $6 (32... Qc4 $1 $132)
33. Bc6 $6 (33. Rd1 $5 $16 {[%cal Cf8e8,Ce8e7,Ye4d5]}) 33... a3 34. Bxa3 Rd8
35. Bf3 Nd4 36. Bg4 f5 $1 (36... Qb6 37. Rc1 $16) 37. exf6 $5 {This striking
sacrifice, alas, leads to a draw but White had nothing better anymore.} Qxe1+
38. Kh2 Bf7 $1 39. fxg7+ Kxg7 40. Bb2 (40. Qg5 $5 Qxf2 $1 41. Nxg6 hxg6 (41...
Qf6 42. Qxf6+ Kxf6 43. Be7+ Kxg6 44. Bxd8 Be6 $11) 42. Qxd8 Qf4+ $11) 40...
Qxe7 41. Bxd4+ Rxd4 1/2-1/2

[Event "EU-chT (Men) 16th"]
[Site "Heraklion"]
[Date "2007.10.29"]
[Round "2.1"]
[White "Topalov, Veselin"]
[Black "Mamedyarov, Shakhriyar"]
[Result "1/2-1/2"]
[WhiteElo "2769"]
[BlackElo "2752"]
[Annotator "Krasenkow,M"]
[PlyCount "111"]
[EventDate "2007.10.28"]
[EventType "team-swiss"]
[EventRounds "9"]
[EventCountry "GRE"]
[SourceTitle "CBM 121"]
[Source "ChessBase"]
[SourceDate "2007.11.14"]
[SourceVersion "1"]
[SourceVersionDate "2007.11.14"]
[SourceQuality "1"]
[WhiteTeam "Bulgaria"]
[BlackTeam "Azerbaijan"]
[WhiteTeamCountry "BUL"]
[BlackTeamCountry "AZE"]

1. d4 Nf6 2. c4 g6 3. Nc3 d5 4. cxd5 Nxd5 5. e4 Nxc3 6. bxc3 Bg7 7. Bc4 c5 8.
Ne2 Nc6 9. Be3 cxd4 10. cxd4 Qa5+ 11. Bd2 Qd8 12. d5 Ne5 13. Bc3 {We examined
this line in several CBM issues (most recently in CBM 098, annotations to
Parker-McShane) but now GM Shakhriar Mamedyarov comes up with an early (and
quite strong) novelty:} Bd7 $1 $146 {[%mdl 8]} (13... O-O 14. Bb3 Qb6 15. f4
Nd7 16. Bxg7 Kxg7 17. Rc1 Rd8 18. Rc4 {[%cal Yd1a1,Ya1c3]} e5 19. Qa1 Re8 $1 (
19... f6 20. Qc3 exf4 21. Nxf4 Ne5 22. Rc7+ Kh8 23. Rf1 Bd7 24. Ne6 $1 Rdc8 25.
Rxf6 $1 Rxc7 26. Rf8+ Rxf8 27. Qxe5+ {1-0 Nielsen,P-McShane,L/Copenhagen 2003/
CBM 95 ext (27).}) 20. Qc3 Kg8 21. f5 gxf5 22. exf5 Nf6 {[%csl Gf6]} 23. Rb4
Qa6 24. Ra4 Qd6 25. O-O Bd7 26. Rh4 Bb5 $13 {1/2-1/2 Parker,J-McShane,L/
Rethymnon 2003/CBM 098/[Krasenkow] (41)}) 14. Bb3 {It turns out that the f2-f4
push is not good now:} (14. f4 Rc8 $1 15. Bb3 Nf3+ 16. gxf3 Bxc3+ 17. Nxc3 Qa5)
14... Rc8 15. Rc1 Qb6 16. Ba4 ({Again} 16. f4 {doesn't work:} Rxc3 $1 17. Rxc3
(17. Nxc3 $4 Qe3+) 17... Ng4 $1 {with trouble for White}) (16. O-O O-O {
is pleasant for Black as f2-f4 is impossible.}) 16... O-O 17. Bxd7 Nxd7 18.
Bxg7 Kxg7 19. O-O Nf6 $11 {The black pieces are placed quite comfortably, he
should be OK.} 20. Qd3 e6 {Probably a bit too early.} ({After} 20... Qa5 {
Black has no problems.}) 21. Rb1 (21. d6 $6 e5 {[%csl Rd6] - a typical motif.})
21... Qa6 (21... Qd6 22. f4 $1 (22. Rxb7 $143 exd5 23. exd5 Qxd5 24. Qxd5 Nxd5
25. Rxa7 Ra8 26. Rxa8 Rxa8 27. Ra1 Ra3) 22... b6 23. Nd4 e5 24. fxe5 Qxe5 25.
Nc6 $14) 22. Qxa6 bxa6 {Double pawns are somewhat disturbing for Black.} 23.
dxe6 Nxe4 {[%cal Re4d2]} 24. Rb4 $1 (24. Rb7 Nc5 25. Rxa7 Nxe6 26. Rxa6 Rfd8 {
[%cal Yd8d2,Yc8c2] and White can't keep his extra pawn.}) 24... Nc5 25. exf7
Rxf7 {[%mdl 4096] So, White has an extra pawn on the kingside. An
insignificant advantage? Not in Topalov's hands!} 26. Rd1 Re7 27. Nf4 Rd8 $1
28. Rbb1 Rxd1+ 29. Rxd1 g5 30. Nh5+ Kf7 31. f4 gxf4 32. Nxf4 Re4 33. g3 Rc4 34.
Rd5 Rc2 35. Rf5+ Kg8 36. a3 Nd7 $2 {An unnecessary decentralisation.} (36... a5
$142 $1 $132) 37. Rd5 Nf6 38. Rd8+ (38. Rd6 $5 Ng4 39. h3 Ne5 40. Rxa6 Nf3+ 41.
Kf1 {and the famous drawing mechanism doesn't work:} Rd2 42. Ne2 $18) 38... Kf7
39. Ra8 $2 {White's "attacking" rook will be quite passive here.} (39. Rd6 {
was still strong:} Ng4 40. h3 $1 Rc1+ (40... Ne5 41. Rxa6) 41. Kg2 Rc2+ 42. Kf3
Nh2+ 43. Ke4 Rc4+ 44. Kf5 $16) 39... Rc7 40. Kg2 a5 {At last Black starts
moving this pawn.} 41. Rb8 (41. h3 $5) (41. Kh3 $5 {but White can hardly win
anyway.}) 41... Rc3 42. Rb7+ Kg8 43. a4 Rc4 44. Ne6 h6 45. Rxa7 Rxa4 46. Kf3
Re4 (46... Ra1 {was simpler.}) 47. Nc5 Re5 48. Rxa5 Rf5+ 49. Ke2 Re5+ 50. Kf3
Rf5+ 51. Ke3 Kf7 52. Ra7+ Kg6 53. Nd3 Ng4+ 54. Ke4 Nf2+ 55. Nxf2 Rxf2 56. h3
1/2-1/2